Normal view
MARC view
- Harris, Fred
Entry Personal Name
001 - CONTROL NUMBER
- control field: 104720
003 - CONTROL NUMBER IDENTIFIER
- control field: NUST
005 - DATE AND TIME OF LATEST TRANSACTION
- control field: 20221213123404.0
008 - FIXED-LENGTH DATA ELEMENTS
- fixed length control field: 221213|| aca||aabn | a|a d
040 ## - CATALOGING SOURCE
- Original cataloging agency: NUST
- Transcribing agency: NUST
100 ## - HEADING--PERSONAL NAME
- Personal name: Harris, Fred
- Fuller form of name: (Fredric J.)
670 ## - SOURCE DATA FOUND
- Source citation: Work cat.: (NUST)0: Harris, Fred (Fredric J.), Multirate signal processing for communication systems /, c2004.
